| 000 | 00657nam a22002177a 4500 | ||
|---|---|---|---|
| 003 | OSt | ||
| 005 | 20160518135449.0 | ||
| 008 | 160518b xxu||||| |||| 00| 0 eng d | ||
| 020 | _a0443062242 | ||
| 040 | _cDNLM | ||
| 082 | _aWB555 O8a 2002 | ||
| 100 |
_aEdited by Turner, Annie; Foster, Marg _98858 |
||
| 245 | _aOccupational Therapy and Physical dysfunction: principles, skills and practice | ||
| 250 | _a5th ed. | ||
| 260 | _aEdinburgh; churchill, 2002 | ||
| 300 | _axxii,666p; col.ill: 25cm | ||
| 504 | _aReferences, glossary, & index included | ||
| 650 |
_aOccupational Therapy _92299 |
||
| 650 |
_aPhysical Therapy _92407 |
||
| 942 |
_2z _cO_SHELF |
||
| 999 |
_c4089 _d4089 |
||